000 00450nam a22001817a 4500
003 MPLRDC
005 20220104113708.0
008 210129b ||||| |||| 00| 0 eng d
020 _a1511-6972(ISSN)
082 _a947.413 QSGC v.9
100 _a青山刚昌
245 _a名侦探柯南. 09
_c
250 _a初版
260 _a马来西亚
_bPENERBIT TORA AMAN
_c2003
300 _b178
650 _a侦探漫画
942 _cBK
_o947.413 QSGC v.9
999 _c1631
_d1621